| 000 | 04913namaa22004211i 4500 | ||
|---|---|---|---|
| 003 | OSt | ||
| 005 | 20260623122417.0 | ||
| 008 | 250827s2025 ua a|||frm||| 000 0 eng d | ||
| 040 |
_aEG-GICUC _bara _cEG-GICUC _dEG-GICUC _erda |
||
| 041 | 0 |
_aara _bara _beng |
|
| 049 | _aإيداع | ||
| 082 | 0 | 4 | _a745.10288 |
| 092 |
_a745.10288 _221 |
||
| 097 | _aدكتوراه | ||
| 099 | _aCai01.14.03.Ph.D.2025.لم.د | ||
| 100 | 0 |
_a،لمياء محمود عبد الغني شعيب _eإعداد. |
|
| 245 | 1 | 0 |
_aدراسة تجريبية لتقييم بعض مواد الحماية السطحية للآثار العاجية المركبة مع التطبيق على نموذج مختار / _cإعداد لمياء محمود عبد الغني شعيب؛ إشراف أ.د/ صفا عبدالقادر محمد حامد، أ.د/ محمد عبد الهادي محمد. |
| 246 | 1 | 5 | _aAn experimental study for evaluation of surface protection materials used for the treatment of composite ivories with application on a selected object / |
| 264 | 0 | _c2025. | |
| 300 |
_a264 صفحة : _bإيضاحيات ؛ _c30 سم. + _eCD. |
||
| 336 |
_atext _2rda content |
||
| 337 |
_aUnmediated _2rdamedia |
||
| 338 |
_avolume _2rdacarrier |
||
| 502 | _aأطروحة (دكتوراه)-جامعة القاهرة، 2025. | ||
| 504 | _aببليوجرافيا: صفحات 250-264. | ||
| 520 | _aتناولت فصول الرسالة الأربعة مضمون عنوانها كالآتي:؛ عرض أولها درسة ميدانية أتاحت 32 بطاقة بيانات لآثار عاجية مركبة مقتناة بمتحف قصر المنيل بالقاهرة بمجمل 31 قطعة من مجموعة متحف الصيد و 15 سلاح معدني أحدها سيف مسترد، وتضمن ثانيها تقييما تجريبيا لتلف أسطح عينات عاج مركب جراء اتصالها بالحديد والنحاس وأخشاب الجميز والصنوبر بعد تعريضها لظروف متلفة بالمقارنة مع عينة عاج غير متلفة ولا متصلة بهذه المواد باستخدام عدة فحوص وتحاليل، وتضمن ثالثها تقييما تجريبيا بفحوص وتحاليل عدة لفاعلية 15خليطا من مواد مختارة في معالجة الحماية السطحية للعاج قبل وبعد تقادم حراري معجل هي الكلوسل E مع السيليلوز النانوي والبلورات النانوية لاكسيد الزنك والهيدروكسي اباتيت النانوي (الذي جرب منفردا ومع الجيلاتين النانوي والمستحلب النانوي لزيت شجر الشاي)، كان أكثرها فاعلية خليط متجانس في التركيب الكيميائي مع العاج من الجيلاتين النانوي والهدروكسي أباتيت النانوي، ثم اختتمت الدراسة بفصلها الربع والأخير الذي عرض تطبيقات الترميم والصيانة على تحفة مختارة من المجموعة (هي ناب حوت كركدن البحر برقم أثر 694). وتلا الفصول عرض نتائج الرسالة والتوصيات | ||
| 520 | _aThe thesis consists of four chapters includes the following: A field inventory provided 32 data cards for composite ivories kept in Almanial Palace Museum in Cairo. Then an experimental evaluation of the surface damage of composite ivory samples due to contact with iron, copper, sycamore, and pine wood after exposing them to damaging conditions. Then an experimental evaluation of the effectiveness of 15 surface protection mixtures of ivory before and after accelerated thermal aging, namely, klucel E with nanocellulose, zinc oxide nanocrystals and nanohydroxyapatite (which was tested alone and with nanogelatin and nanoemulsion of tea tree oil). A mixture of nanogelatin and nanohydroxyapatite was the most effective. And the cleaning of narwhal tusk (number 694). The study ends with conclusions and recommendations. | ||
| 530 | _aصدر أيضًا كقرص مدمج. | ||
| 546 | _aالنص بالعربية والملخص باللغة الإنجليزية والعربية. | ||
| 650 | 7 |
_aترميم الآثار _2qrmak |
|
| 653 | 0 |
_aالعاج الأثري المركب _aقصر المنيل _aمتحف الصيد |
|
| 700 | 0 |
_aصفا عبدالقادر محمد حامد _eمشرف أطروحة. |
|
| 700 | 0 |
_aمحمد عبد الهادي محمد _eمشرف أطروحة. |
|
| 900 |
_b11-03-2025 _cصفا عبدالقادر محمد حامد _cمحمد عبد الهادي محمد _dمصطفى عطية محي _dوائل صبري محمد _Uجامعة القاهرة _Fكلية الآثار _Dقسم ترميم الآثار |
||
| 905 | _aSara | ||
| 942 |
_2ddc _cTH _e21 _n0 |
||
| 999 | _c180606 | ||